000 00447nam a2200181Ia 4500
008 240510s9999 xx 000 0 und d
041 _aEng
082 _a519.2
082 _bH52
100 _aHODGES, J.L. , LEHMANN, E.L.
245 0 _aBasic concepts of probability and statistics
260 _bBombay, Vakils Feffer & Simon
260 _c1970
300 _a441 p.
650 _aStatistics : probability
942 _2ddc
942 _cLBK
999 _c23420
_d23420
945 _a1
_bMadushi Gamage
_c1
_dMadushi Gamage